Calidad, equidad y eficiencia de la educación primaria : (Record no. 6291)

MARC details
000 -CABECERA
campo de control de longitud fija 00776nam a2200217 a 4500
005 - FECHA Y HORA DE LA ÚLTIMA TRANSACCIÓN
campo de control 20241105063721.0
008 - ELEMENTOS DE LONGITUD FIJA--INFORMACIÓN GENERAL
campo de control de longitud fija 991125s1988 mx 000 0 spa u
020 ## - NÚMERO INTERNACIONAL NORMALIZADO PARA LIBROS
Número Internacional Estándar del Libro 9687165243
035 ## - NÚMERO DE CONTROL DEL SISTEMA
Número de control de sistema UPN01000006291
049 ## - COLECCIÓN
Colección CG
050 #4 - SIGNATURA TOPOGRÁFICA DE LA BIBLIOTECA DEL CONGRESO
Número de clasificación LC213.3 A44
Número de documento/Ítem C36
245 00 - MENCIÓN DE TÍTULO
Título Calidad, equidad y eficiencia de la educación primaria :
Resto del título estado actual de las investigaciones realizadas en América Latina /
Mención de responsabilidad, etc. ed. Carlos Muñoz Izquierdo.
260 ## - PUBLICACIÓN, DISTRIBUCIÓN, ETC.
Lugar de publicación, distribución, etc. México :
Nombre del editor, distribuidor, etc. CEE,
Fecha de publicación, distribución, etc. 1988.
300 ## - DESCRIPCIÓN FÍSICA
Extensión 299 p.
500 ## - NOTA GENERAL
Nota general Fotocopia
650 #2 - ASIENTO SECUNDARIO DE MATERIA - TERMINO TEMATICO
Término de materia o nombre geográfico como elemento de entrada Oportunidades educativas
9 (RLIN) 6425
650 #2 - ASIENTO SECUNDARIO DE MATERIA - TERMINO TEMATICO
Término de materia o nombre geográfico como elemento de entrada Educación
Subdivisión general Aspectos sociales
Subdivisión geográfica América Latina
9 (RLIN) 7142
650 #0 - ASIENTO SECUNDARIO DE MATERIA - TERMINO TEMATICO
Término de materia o nombre geográfico como elemento de entrada Educación
Subdivisión general Investigación
Subdivisión geográfica América Latina
9 (RLIN) 16986
700 1# - ASIENTO SECUNDARIO--NOMBRE DE PERSONAL
Nombre de persona Muñoz Izquierdo, Carlos,
Fechas asociadas al nombre 1937-
Término indicativo de función/relación ed.
9 (RLIN) 29402
905 ## - TIPO DE MATERIAL
Tipo de material Libro
Holdings
Estado de retiro Estado de pérdida Fuente del sistema de clasificación o colocación Estado dañado No para préstamo Código de colección Localización permanente Ubicación/localización actual Ubicación en estantería Total de préstamos Clasificación Código de barras Fecha visto por última vez Número de copia Tipo de ítem Koha
    Library of Congress Classification     Colección General Bib. Gregorio Torres Quintero Bib. Gregorio Torres Quintero Planta baja 2 LC213.3 A44 C36 293797 31/12/2020 1 Libro